| 000 | 02397nab a2200289 a 4500 | ||
|---|---|---|---|
| 005 | 20240530063803.0 | ||
| 008 | 991125c2018 cl fr p o 000 0 spa d | ||
| 035 | _aUPN01000229144 | ||
| 040 |
_aMX-MxUPN _bspa _cMX-MxUPN _eaacr2 |
||
| 049 | _aART-E | ||
| 100 | 1 |
_aBlanco, Christian _6- chblancoj@gmail.com |
|
| 100 | 1 | _aMeneses, Francisco | |
| 100 | 1 | _aParedes, Ricardo | |
| 245 | 1 | 0 |
_aMás allá de la deserción: trayectorias académicas en la educación superior en Chile _h[recurso electrónico en línea] |
| 506 | 0 | _aAcceso abierto | |
| 520 | 3 | _aEste estudio analiza las dinámicas de titulación, permanencia, deserción y reingreso a la educación superior en Chile, utilizando información entre los años 2007 y 2015. Se revelan características y patrones de comportamiento diferenciados según las diversas trayectorias. Se confirman los resultados de estudios previos sobre deserción y titulación, mientras que se hace una contribución inédita al explorar las trayectorias de los estudiantes que reingresan. Se presentan estadísticas descriptivas y modelos de regresiones logísticas multinomiales para evaluar la influencia de factores socioeconómicos y educativos en las diversas trayectorias en la educación superior. Se observa que cerca de la mitad de los desertores reingresa a la educación superior, mostrando importantes tasas de titulación entre estudiantes reingresantes. Además, más de la mitad de quienes reingresan se cambia de área de estudios. Estos resultados muestran que la inclusión del reingreso entre las trayectorias posibles obliga a reconsiderar la idea de que la deserción es un mero “fracaso académico”. Esto exige sofisticar los marcos teóricos y empíricos, revisitar la teoría de la mismatch hypothesis y relevar la importancia de la información, de la orientación vocacional y reflexionar sobre el modo en que las políticas públicas abordan la deserción en la educación superior. | |
| 650 | 4 |
_aDeserción escolar _96083 |
|
| 650 | 4 |
_aEducación superior _932 |
|
| 653 | 0 | _aPermanencia escolar | |
| 653 | 0 | _aTrayectoria académica | |
| 653 | 0 | _aTitulación | |
| 773 |
_gNo. 49 (2018 ) p. 137-187 _tCalidad en la educación _x0717-4004 |
||
| 856 | 4 | 0 | _uhttps://calidadenlaeducacion.cl/index.php/rce/article/view/579/514 |
| 902 |
_aGloria Jiménez _bGloria Jiménez/260523 |
||
| 905 | _aArticulo | ||
| 942 | _cART-E | ||
| 999 |
_c201239 _d201239 |
||